000 00680cam a22002413a 4500
001 19000
003 PGUSA
005 20140828083413.0
008 060424s2006||||xxu|||||s|||||000 1 eng d
040 _aPGUSA
_beng
042 _adc
050 4 _aPS
100 1 _aDoctorow, Cory,
_d1971-
245 1 0 _aPrintcrime
_h[electronic resource] /
_cCory Doctorow
260 _bProject Gutenberg,
_c2006
506 _aCopyrighted. Read the copyright notice inside this book for details.
516 _aElectronic text
653 _aShort stories
653 _aScience fiction
830 0 _aProject Gutenberg
_v19000
856 4 0 _uhttp://www.gutenberg.org/ebooks/19000
942 _cEB
999 _c248255
_d248255